000 00373nam a22001457a 4500
003 macl
005 20180224124919.0
008 180224b xxu||||| |||| 00| 0 eng d
040 _cmacl
100 _aAlam Mohammad Monir
_970647
245 _aIndia China and Pakistan Relation
260 _a Delhi
_bAnsh
_c2016
650 _aInternational Relation
_9915
942 _2ddc
_cBK
999 _c57301
_d57301